00730nam a22002297a 450000500170000001000130001702000230003003500130005303700160006604000120008208200150009424501180010926000490022727000600027630000200033650000440035665000260040065000240042670000170045070000140046770000190048120170124110031.0 aA-897972 c350.00a818688047X aA-897972 bCen Lib/Ret aDPLbEN a374.4bSCI aScience and technology through open and distance education /cedited by Suresh Garg, Santosh Panda [and] Vijashri aNew DelhibAravali Books Internationalc1998 bNew DelhiaW-10, Okhla Industrial Area Phase IIe110020 a218p.c22cm(Hb) aIncludes bibliographical references  aTechnical education.  aDistance education. aGarg, Suresh aVijayshri aPanda, Santosh